000 00546nam a2200169Ia 4500
999 _c55005
_d55005
003 GCL
005 20240530105330.0
008 140319s9999 xx 000 0 ara d
040 _aGCL /
_cGCL
082 0 4 _a212
_bع ك
100 1 _aعبدالمنعم قنديل
245 1 0 _aكيف نتادب مع رسول الله واهل بيته الاطهار /
_cعبدالمنعم قنديل
260 _a[S.N] :
_bمكتبة التراث الاسلامى ،
_c1991
300 _a109 ص
650 0 4 _aالسيرة النبوية
942 _2ddc
_cBK